[Event "Cannes op 26th"]
[Site "Cannes"]
[Date "2014.07.10"]
[Round "6"]
[White "Bergougnoux, Axel"]
[Black "Uta, Adeline Ramona"]
[Result "1-0"]
[WhiteElo "1859"]
[BlackElo "2112"]
[PlyCount "53"]
[EventDate "2014.07.07"]
[EventType "swiss"]
[EventRounds "9"]
[EventCountry "FRA"]
[SourceTitle "EXT 2015"]
[Source "ChessBase"]
[SourceDate "2014.11.20"]
[SourceVersion "1"]
[SourceVersionDate "2014.11.20"]
[SourceQuality "1"]

1. e4 c5 2. Nf3 d6 3. d4 cxd4 4. Qxd4 a6 5. Be3 Nc6 6. Qd2 Nf6 7. Nc3 e6 8. 0-0-0 Be7 9. Bf4 b5 10. Bxd6 b4 11. e5 bxc3 12. Qxc3 Nxe5 13. Bxe5 Bd7 14. Nd4 Qb6 15. Be2 Rc8 16. Qg3 0-0 17. Kb1 g6 18. Nb3 Bc6 19. Bd4 Qb7 20. f3 Bd5 21. h4 a5 22. h5 a4 23. Nc1 Kg7 24. Qf4 Qc6 25. Bxf6+ Bxf6 26. h6+ Kg8 27. Qxf6 1-0

[Event "Cannes op 26th"]
[Site "Cannes"]
[Date "2014.07.08"]
[Round "2"]
[White "Tatinian, William"]
[Black "Uta, Adeline Ramona"]
[Result "1-0"]
[WhiteElo "1846"]
[BlackElo "2112"]
[PlyCount "67"]
[EventDate "2014.07.07"]
[EventType "swiss"]
[EventRounds "9"]
[EventCountry "FRA"]
[SourceTitle "EXT 2015"]
[Source "ChessBase"]
[SourceDate "2014.11.20"]
[SourceVersion "1"]
[SourceVersionDate "2014.11.20"]
[SourceQuality "1"]

1. d4 Nf6 2. c4 g6 3. Nc3 Bg7 4. e4 d6 5. f4 0-0 6. Nf3 Nbd7 7. Be2 e5 8. fxe5 dxe5 9. d5 Nc5 10. Qc2 a5 11. b3 Ne8 12. 0-0 Nd6 13. Bg5 f6 14. Be3 b6 15. a3 f5 16. exf5 gxf5 17. b4 axb4 18. axb4 Rxa1 19. Rxa1 Nce4 20. Nxe4 Nxe4 21. Rd1 f4 22. Bc1 Bf5 23. Bd3 Nd6 24. Bxf5 Nxf5 25. c5 bxc5 26. bxc5 Kh8 27. d6 cxd6 28. cxd6 Rf7 29. Qc5 e4 30. Ne5 Rf8 31. Bxf4 Qh4 32. d7 Rd8 33. Nf7+ Kg8 34. Qxf5 1-0

[Event "Cannes op 26th"]
[Site "Cannes"]
[Date "2014.07.08"]
[Round "3"]
[White "Uta, Adeline Ramona"]
[Black "Jrade, Willis"]
[Result "1-0"]
[WhiteElo "2112"]
[BlackElo "1925"]
[PlyCount "91"]
[EventDate "2014.07.07"]
[EventType "swiss"]
[EventRounds "9"]
[EventCountry "FRA"]
[SourceTitle "EXT 2015"]
[Source "ChessBase"]
[SourceDate "2014.11.20"]
[SourceVersion "1"]
[SourceVersionDate "2014.11.20"]
[SourceQuality "1"]

1. c4 c5 2. g3 g6 3. Bg2 Bg7 4. Nc3 Nc6 5. d3 d6 6. e4 e5 7. Nge2 Nge7 8. 0-0 0-0 9. a3 Be6 10. h3 Qd7 11. Kh2 f5 12. Nd5 Nd4 13. Nxd4 cxd4 14. Bg5 Nc6 15. Qd2 fxe4 16. dxe4 Rf7 17. b4 Qe8 18. Rac1 Qf8 19. b5 Nb8 20. Qa5 Bxd5 21. cxd5 Nd7 22. Rc7 b6 23. Qe1 h6 24. Bd2 Nc5 25. Rxf7 Qxf7 26. f4 exf4 27. Bxf4 Qd7 28. Qb1 g5 29. Bd2 Na4 30. e5 Bxe5 31. Qg6+ Qg7 32. Qe6+ Kh8 33. Rf7 Nc5 34. Rxg7 Nxe6 35. dxe6 Kxg7 36. Bxa8 Kf6 37. Bd5 Ke7 38. Kg2 Kf8 39. g4 Ke8 40. Kf3 Ke7 41. Ke4 Kf6 42. Bc1 Bg3 43. Bb2 Ke7 44. Bxd4 Bh2 45. Kf5 Bf4 46. Bf6+ 1-0

[Event "Las Palmas Montalvo Memorial 6th"]
[Site "Las Palmas"]
[Date "2013.03.28"]
[Round "5"]
[White "Uta, Adeline Ramona"]
[Black "Bressac, Stephane"]
[Result "0-1"]
[WhiteElo "2053"]
[BlackElo "2284"]
[PlyCount "88"]
[EventDate "2013.03.25"]
[EventType "swiss"]
[EventRounds "9"]
[EventCountry "ESP"]
[SourceTitle "CBM 153 Extra"]
[Source "ChessBase"]
[SourceDate "2013.04.22"]
[SourceVersion "1"]
[SourceVersionDate "2013.04.22"]
[SourceQuality "1"]

1. Nf3 g6 2. g3 Bg7 3. Bg2 e5 4. d3 d5 5. 0-0 Ne7 6. Nbd2 0-0 7. c4 c6 8. e4 dxe4 9. dxe4 a5 10. a3 Nd7 11. b3 Qc7 12. Bb2 Rd8 13. b4 Nf8 14. c5 Be6 15. Qc2 Rd7 16. Bc3 a4 17. Rfb1 Rad8 18. Qxa4 g5 19. h3 h5 20. Qc2 g4 21. hxg4 hxg4 22. Nh2 Neg6 23. Bf1 Nh7 24. Nc4 Ng5 25. Nd6 Bf8 26. Nc4 Nf3+ 27. Nxf3 gxf3 28. Rd1 f6 29. Nb6 Rxd1 30. Rxd1 Rxd1 31. Qxd1 Bg4 32. Nc4 Qg7 33. Nd2 Qd7 34. Qb3+ Kh8 35. Qc4 Qh7 36. Qd3 Qh5 37. Qd8 Kg7 38. Qd7+ Kh8 39. Qxb7 Bh3 40. Qa6 Nf4 41. gxf4 Qg4+ 42. Kh2 Bg2 43. Nxf3 Qh3+ 44. Kg1 Qh1# 0-1

[Event "Arad op"]
[Site "Arad"]
[Date "2012.07.31"]
[Round "6"]
[White "Gilea, Lucian"]
[Black "Uta, Adeline Ramona"]
[Result "1-0"]
[WhiteElo "2286"]
[BlackElo "2051"]
[PlyCount "47"]
[EventDate "2012.07.27"]
[EventType "swiss"]
[EventRounds "9"]
[EventCountry "ROU"]
[SourceTitle "CBM 149 Extra"]
[Source "ChessBase"]
[SourceDate "2012.08.24"]
[SourceVersion "1"]
[SourceVersionDate "2012.08.24"]
[SourceQuality "1"]

1. d4 g6 2. Nf3 Bg7 3. Bf4 Nf6 4. e3 0-0 5. Be2 d6 6. h3 Nc6 7. c4 Nd7 8. Nc3 e5 9. Bh2 f5 10. Rb1 g5 11. g4 fxg4 12. hxg4 exd4 13. Nxd4 Nxd4 14. exd4 Qf6 15. Bg3 Nb6 16. c5 dxc5 17. dxc5 Qc6 18. Rh5 Bxg4 19. Bxg4 Rae8+ 20. Kf1 Qxc5 21. Kg2 Bd4 22. Qd3 Rf7 23. Ne4 Qd5 24. Rxg5+ 1-0

[Event "EU-ch (Women) 13th"]
[Site "Gaziantep"]
[Date "2012.03.10"]
[Round "8"]
[White "Uta, Adeline Ramona"]
[Black "Dai, Irmak"]
[Result "1-0"]
[WhiteElo "2098"]
[BlackElo "1592"]
[PlyCount "127"]
[EventDate "2012.03.02"]
[EventType "swiss"]
[EventRounds "11"]
[EventCountry "TUR"]
[SourceTitle "CBM 147 Extra"]
[Source "ChessBase"]
[SourceDate "2012.04.24"]
[SourceVersion "1"]
[SourceVersionDate "2012.04.24"]
[SourceQuality "1"]

1. e4 c5 2. c4 Nc6 3. Nc3 Nf6 4. g3 g6 5. Bg2 Bg7 6. Nge2 d6 7. 0-0 0-0 8. d3 Bd7 9. h3 Qc8 10. Kh2 Nh5 11. g4 Nf6 12. f4 Ne8 13. f5 Nc7 14. Ng3 Nd4 15. Bg5 f6 16. Be3 e5 17. fxe6 Ndxe6 18. Qd2 Qd8 19. Rf2 Qe7 20. Raf1 a6 21. Nce2 Rab8 22. Bh6 b5 23. Bxg7 Kxg7 24. b3 b4 25. Qb2 a5 26. d4 a4 27. e5 fxe5 28. dxe5 dxe5 29. Qxe5+ Kg8 30. Ne4 Rxf2 31. Rxf2 Qg7 32. Nf6+ Kh8 33. Nxd7 Qxe5+ 34. Nxe5 axb3 35. axb3 Rf8 36. Rxf8+ Nxf8 37. Nf4 Kg7 38. Ned3 Nd7 39. Bc6 Nb8 40. Ba4 Nba6 41. Nd5 Ne6 42. Nb6 Kf7 43. Bb5 Nac7 44. Nd7 Nxb5 45. cxb5 c4 46. bxc4 b3 47. b6 Nd8 48. N7c5 Nc6 49. Nxb3 Ke7 50. c5 Kd7 51. Nd2 Na5 52. Ne5+ Kc8 53. Ndc4 Nxc4 54. Nxc4 Kb7 55. Nd6+ Kc6 56. b7 Kxc5 57. b8Q Kd4 58. Qb5 Kc3 59. Qc4+ Kb2 60. Ne4 Ka1 61. Qc3+ Kb1 62. Nd2+ Ka2 63. Qb3+ Ka1 64. Qb1# 1-0

[Event "EU-ch (Women) 13th"]
[Site "Gaziantep"]
[Date "2012.03.07"]
[Round "6"]
[White "Uta, Adeline Ramona"]
[Black "Arig, Busra"]
[Result "0-1"]
[WhiteElo "2098"]
[BlackElo "1839"]
[PlyCount "63"]
[EventDate "2012.03.02"]
[EventType "swiss"]
[EventRounds "11"]
[EventCountry "TUR"]
[SourceTitle "CBM 147 Extra"]
[Source "ChessBase"]
[SourceDate "2012.04.24"]
[SourceVersion "1"]
[SourceVersionDate "2012.04.24"]
[SourceQuality "1"]

1. e4 c5 2. Nf3 e6 3. d4 cxd4 4. Nxd4 a6 5. Nc3 Qc7 6. Bd3 Nf6 7. 0-0 b5 8. a4 b4 9. Na2 Bb7 10. Qe2 Bd6 11. Kh1 h5 12. f4 Ng4 13. Bd2 Bc5 14. Nb3 Ba7 15. a5 Nc6 16. Nxb4 Nxb4 17. Bxb4 d5 18. e5 Ne3 19. Rf3 d4 20. Rg3 h4 21. Rxg7 h3 22. Kg1 hxg2 23. Be1 0-0-0 24. Bg3 Rdg8 25. Rxg8+ Rxg8 26. Nd2 Qd8 27. Ra4 Rxg3 28. Ne4 Bxe4 29. Bxa6+ Kd7 30. Bb5+ Ke7 31. Qe1 Nxc2 32. hxg3 0-1

[Event "EU-ch (Women) 13th"]
[Site "Gaziantep"]
[Date "2012.03.06"]
[Round "5"]
[White "Mamedjarova, Turkan"]
[Black "Uta, Adeline Ramona"]
[Result "1-0"]
[WhiteElo "2284"]
[BlackElo "2098"]
[PlyCount "109"]
[EventDate "2012.03.02"]
[EventType "swiss"]
[EventRounds "11"]
[EventCountry "TUR"]
[SourceTitle "CBM 147 Extra"]
[Source "ChessBase"]
[SourceDate "2012.04.24"]
[SourceVersion "1"]
[SourceVersionDate "2012.04.24"]
[SourceQuality "1"]

1. e4 c5 2. Nf3 d6 3. Bb5+ Nd7 4. 0-0 a6 5. Bxd7+ Bxd7 6. d4 cxd4 7. Qxd4 Nf6 8. Nc3 h6 9. e5 dxe5 10. Nxe5 e6 11. Rd1 Be7 12. Be3 Bc6 13. Nxc6 bxc6 14. Qc4 Qc7 15. Bc5 Nd5 16. Bxe7 Nxe7 17. Qc5 0-0 18. a4 Rfd8 19. h3 Qb7 20. b3 Nd5 21. Qa5 Rdb8 22. Ne4 Qb4 23. Qxb4 Rxb4 24. Nc5 a5 25. c4 Nf6 26. Rd3 Kf8 27. Rad1 Ke7 28. Kf1 g5 29. Ke2 Rg8 30. g3 Rc8 31. R1d2 Rb6 32. Kd1 Rb4 33. Kc2 Ra8 34. Rd6 Rc8 35. f3 h5 36. Kb2 g4 37. hxg4 hxg4 38. fxg4 Nxg4 39. Rd7+ Kf6 40. Ra7 Kg6 41. Na6 c5 42. Nxb4 axb4 43. a5 Ne5 44. a6 Nc6 45. Rb7 Ra8 46. Rb5 Rxa6 47. Rxc5 Ne7 48. Rb5 Nf5 49. Rxb4 Kg5 50. c5 Rc6 51. Rc4 Ne3 52. Rc1 f5 53. Rd6 Rxd6 54. cxd6 Kf6 55. Rc8 1-0

[Event "EU-ch (Women) 13th"]
[Site "Gaziantep"]
[Date "2012.03.04"]
[Round "3"]
[White "Uta, Adeline Ramona"]
[Black "Alev, Gonulden Seda"]
[Result "1-0"]
[WhiteElo "2098"]
[BlackElo "1612"]
[PlyCount "83"]
[EventDate "2012.03.02"]
[EventType "swiss"]
[EventRounds "11"]
[EventCountry "TUR"]
[SourceTitle "CBM 147 Extra"]
[Source "ChessBase"]
[SourceDate "2012.04.24"]
[SourceVersion "1"]
[SourceVersionDate "2012.04.24"]
[SourceQuality "1"]

1. e4 c5 2. Nf3 d6 3. d4 cxd4 4. Nxd4 Nf6 5. Nc3 a6 6. Be3 e5 7. Nb3 Be6 8. f3 Be7 9. Qd2 Nbd7 10. g4 b5 11. g5 Nh5 12. Nd5 Bxd5 13. exd5 Nb6 14. 0-0-0 Rc8 15. Na5 Nc4 16. Bxc4 bxc4 17. Nc6 Qc7 18. Qb4 0-0 19. Qxc4 Ra8 20. Rd3 Rfe8 21. Ra3 Qb7 22. Rd1 Bf8 23. Qg4 g6 24. Rdd3 f5 25. gxf6 Nxf6 26. Qh4 Qf7 27. c4 e4 28. Rd4 exf3 29. Rf4 Bg7 30. Bd4 Rf8 31. Raxf3 Qe8 32. Re3 Qf7 33. Re7 g5 34. Qxg5 Qg6 35. Qxg6 hxg6 36. Kc2 Rac8 37. Re6 Nh5 38. Rxf8+ Rxf8 39. Rxd6 Bxd4 40. Nxd4 Rf2+ 41. Kc3 Nf4 42. Rxa6 1-0

[Event "ROM-ch (Women)"]
[Site "Sarata Monteoru"]
[Date "2012.02.20"]
[Round "8"]
[White "Uta, Adeline Ramona"]
[Black "Sandu, Mihaela"]
[Result "0-1"]
[WhiteElo "2087"]
[BlackElo "2248"]
[PlyCount "88"]
[EventDate "2012.02.13"]
[EventType "swiss"]
[EventRounds "9"]
[EventCountry "ROU"]
[SourceTitle "CBM 147 Extra"]
[Source "ChessBase"]
[SourceDate "2012.04.24"]
[SourceVersion "1"]
[SourceVersionDate "2012.04.24"]
[SourceQuality "1"]

1. e4 c5 2. Nf3 d6 3. d4 cxd4 4. Nxd4 Nf6 5. Nc3 a6 6. Be3 e6 7. f3 b5 8. g4 Bb7 9. g5 Nfd7 10. h4 Nb6 11. a3 N8d7 12. h5 Ne5 13. Rh3 d5 14. exd5 Nxd5 15. Nxd5 Qxd5 16. f4 Nc4 17. Bxc4 bxc4 18. Qd2 Rc8 19. Ne2 Be7 20. 0-0-0 0-0 21. Qe1 Qf5 22. Rg3 Rfd8 23. Nd4 Qe4 24. Qc3 f6 25. Rdg1 fxg5 26. fxg5 e5 27. Nf3 Rd3 28. Nd2 Qd5 29. cxd3 cxd3 30. Rg4 Rxc3+ 31. bxc3 Bxa3+ 32. Kd1 g6 33. hxg6 hxg6 34. Ke1 Bc5 35. Ne4 Qa2 36. R4g2 Qb1+ 37. Kf2 Bxe3+ 38. Kxe3 Qb5 39. Nf6+ Kf7 40. Rg3 Bc8 41. Ne4 Ke7 42. Rd1 Bf5 43. Rc1 Qc4 44. Re1 Qxe4+ 0-1

[Event "ROM-ch (Women)"]
[Site "Sarata Monteoru"]
[Date "2012.02.19"]
[Round "7"]
[White "Visanescu, Daria Ioana"]
[Black "Uta, Adeline Ramona"]
[Result "1-0"]
[WhiteElo "2047"]
[BlackElo "2087"]
[PlyCount "41"]
[EventDate "2012.02.13"]
[EventType "swiss"]
[EventRounds "9"]
[EventCountry "ROU"]
[SourceTitle "CBM 147 Extra"]
[Source "ChessBase"]
[SourceDate "2012.04.24"]
[SourceVersion "1"]
[SourceVersionDate "2012.04.24"]
[SourceQuality "1"]

1. e4 c5 2. Nf3 d6 3. d4 cxd4 4. Nxd4 Nf6 5. Nc3 a6 6. Qf3 e5 7. Nf5 g6 8. Nh6 Be6 9. Bg5 Nbd7 10. Be2 Be7 11. h4 Qa5 12. 0-0 Rc8 13. Rad1 Qb4 14. a3 Qa5 15. Rd2 Kf8 16. Rxd6 Bxd6 17. Bxf6 Nxf6 18. Qxf6 Rg8 19. Bg4 Be7 20. Qf3 Rc6 21. Bxe6 1-0

[Event "ROM-ch (Women)"]
[Site "Sarata Monteoru"]
[Date "2012.02.17"]
[Round "5"]
[White "Cosman, Andreea Marioara"]
[Black "Uta, Adeline Ramona"]
[Result "0-1"]
[WhiteElo "1885"]
[BlackElo "2087"]
[PlyCount "167"]
[EventDate "2012.02.13"]
[EventType "swiss"]
[EventRounds "9"]
[EventCountry "ROU"]
[SourceTitle "CBM 147 Extra"]
[Source "ChessBase"]
[SourceDate "2012.04.24"]
[SourceVersion "1"]
[SourceVersionDate "2012.04.24"]
[SourceQuality "1"]

1. d4 Nf6 2. c4 g6 3. Nc3 Bg7 4. Nf3 0-0 5. Bg5 d6 6. e3 h6 7. Bh4 g5 8. Bg3 Nh5 9. Bd3 c5 10. Nxg5 Nxg3 11. hxg3 e5 12. Nf3 cxd4 13. exd4 f5 14. dxe5 dxe5 15. Be2 e4 16. Qxd8 Rxd8 17. Nd2 Nc6 18. Nb3 Ne5 19. Rd1 Rxd1+ 20. Kxd1 Be6 21. Kc2 Nxc4 22. Rd1 Rc8 23. Nd4 Bd7 24. Kb1 a6 25. Nd5 Kf7 26. Bh5+ Kf8 27. Nf4 Bf6 28. Ng6+ Kg7 29. Nf4 Ne5 30. Nd5 Rd8 31. Nxf6 Kxf6 32. Be2 Be8 33. Kc1 Rc8+ 34. Kb1 Bf7 35. Nb3 Bxb3 36. axb3 Ke6 37. Rh1 Rh8 38. Bc4+ Kf6 39. Rd1 Rc8 40. Rd6+ Kg5 41. Be2 Rc6 42. Rxc6 Nxc6 43. Bc4 Ne5 44. Bd5 b6 45. f4+ exf3 46. gxf3 f4 47. gxf4+ Kxf4 48. b4 Nd3 49. b5 axb5 50. Bc6 h5 51. Bxb5 Ne5 52. Ba6 h4 53. Bc8 Nxf3 54. Kc2 Ke5 55. Kd3 Ng5 56. Kc4 Ne4 57. Bd7 Nd6+ 58. Kd3 Nb7 59. Bc8 Na5 60. Bd7 Kd6 61. Bh3 Kd5 62. Bg2+ Ke5 63. Kc3 Kd6 64. Kd4 b5 65. Bf1 Nc4 66. b3 Na3 67. Bxb5 Nxb5+ 68. Ke4 Nd4 69. Kf4 Nf5 70. Ke4 Kc5 71. Kf4 Kb4 72. Kf3 Kxb3 73. Kf2 Kc3 74. Kg2 Kd3 75. Kf3 Kd4 76. Kf4 Kd5 77. Kf3 Ke6 78. Kf4 Kf6 79. Kg4 Kg6 80. Kf4 Kh5 81. Kf3 Kg5 82. Kf2 Kg4 83. Kg2 h3+ 84. Kh2 0-1

[Event "ROM-ch (Women)"]
[Site "Sarata Monteoru"]
[Date "2012.02.14"]
[Round "2"]
[White "Uta, Adeline Ramona"]
[Black "Bulmaga, Irina"]
[Result "1-0"]
[WhiteElo "2087"]
[BlackElo "2360"]
[PlyCount "60"]
[EventDate "2012.02.13"]
[EventType "swiss"]
[EventRounds "9"]
[EventCountry "ROU"]
[SourceTitle "CBM 147 Extra"]
[Source "ChessBase"]
[SourceDate "2012.04.24"]
[SourceVersion "1"]
[SourceVersionDate "2012.04.24"]
[SourceQuality "1"]

1. e4 c5 2. Nf3 d6 3. d4 cxd4 4. Nxd4 Nf6 5. Nc3 a6 6. Be3 e5 7. Nb3 Be6 8. h3 Nbd7 9. Qf3 Qc7 10. 0-0-0 b5 11. Nd5 Bxd5 12. exd5 Rc8 13. c3 g6 14. Kb1 Bg7 15. g4 0-0 16. h4 h5 17. gxh5 Nxh5 18. Bh3 Rb8 19. Na5 b4 20. c4 e4 21. Qe2 Ne5 22. Nc6 Nxc6 23. dxc6 b3 24. a3 Qxc6 25. Bg4 Nf6 26. Bd4 Nxg4 27. Qxg4 Qxc4 28. Qxe4 Rbc8 29. Qd3 Qc2+ 30. Ka1 Rc4 1-0

[Event "ROM-chT (Women)"]
[Site "Brasov"]
[Date "2011.10.14"]
[Round "7.2"]
[White "Uta, Adeline Ramona"]
[Black "Serbanescu, Diana Maria"]
[Result "1/2-1/2"]
[WhiteElo "2085"]
[BlackElo "1869"]
[PlyCount "79"]
[EventDate "2011.10.08"]
[EventType "team-tourn"]
[EventRounds "9"]
[EventCountry "ROU"]
[SourceTitle "CBM 144 Extra"]
[Source "ChessBase"]
[SourceDate "2011.10.28"]
[SourceVersion "1"]
[SourceVersionDate "2011.10.28"]
[SourceQuality "1"]
[WhiteTeam "Timisoara Luxten (W)"]
[BlackTeam "Bucharest Apa Nova (W)"]
[WhiteTeamCountry "ROU"]
[BlackTeamCountry "ROU"]

1. e4 e5 2. Nf3 Nc6 3. Bb5 a6 4. Bxc6 dxc6 5. 0-0 Bd6 6. d4 Bg4 7. dxe5 Bxf3 8. Qxf3 Bxe5 9. Qb3 b5 10. Nd2 Nf6 11. Nf3 Qe7 12. Bg5 0-0 13. Rad1 h6 14. Bh4 a5 15. Qe3 Qe6 16. Nxe5 Qxe5 17. Bxf6 Qxf6 18. e5 Qe7 19. Rfe1 Rfd8 20. a3 Rd5 21. e6 Qxe6 22. Qxe6 fxe6 23. Rxd5 exd5 24. Re6 Ra6 25. Re7 Ra7 26. f3 a4 27. Kf2 Rb7 28. c3 c5 29. Rd7 d4 30. cxd4 cxd4 31. Rxd4 c5 32. Rd5 Rc7 33. Rd8+ Kf7 34. Rb8 c4 35. Rxb5 c3 36. bxc3 Rxc3 37. Ra5 Rxa3 38. Ra6 Ra2+ 39. Kg3 Ke7 40. h4 1/2-1/2

[Event "ROM-chT (Women)"]
[Site "Brasov"]
[Date "2011.10.09"]
[Round "2.2"]
[White "Lolici, Iselin Amanda"]
[Black "Uta, Adeline Ramona"]
[Result "0-1"]
[WhiteElo "1982"]
[BlackElo "2085"]
[PlyCount "78"]
[EventDate "2011.10.08"]
[EventType "team-tourn"]
[EventRounds "9"]
[EventCountry "ROU"]
[SourceTitle "CBM 144 Extra"]
[Source "ChessBase"]
[SourceDate "2011.10.28"]
[SourceVersion "1"]
[SourceVersionDate "2011.10.28"]
[SourceQuality "1"]
[WhiteTeam "Lugoj (W)"]
[BlackTeam "Timisoara Luxten (W)"]
[WhiteTeamCountry "ROU"]
[BlackTeamCountry "ROU"]

1. c4 g6 2. g3 Bg7 3. Bg2 Nf6 4. Nc3 0-0 5. e4 d6 6. Nge2 c6 7. 0-0 a6 8. d3 e5 9. h3 b5 10. f4 Nbd7 11. f5 Bb7 12. g4 h6 13. g5 hxg5 14. Bxg5 Qb6+ 15. Kh2 d5 16. cxd5 cxd5 17. Nxd5 Nxd5 18. exd5 Nf6 19. d4 Qd6 20. Ng3 exd4 21. Bf4 Qb6 22. Be5 Nh5 23. Bxg7 Nxg3 24. Bxf8 Nxf1+ 25. Qxf1 Rxf8 26. Qf4 Qf6 27. Rd1 Bc8 28. Qxd4 Qxd4 29. Rxd4 Bxf5 30. d6 Rd8 31. Bb7 Bc8 32. Ba8 Bd7 33. Bb7 a5 34. Rd5 Kg7 35. Ba6 Rb8 36. a4 bxa4 37. Rxa5 Rxb2+ 38. Kg1 Rd2 39. Bb7 Rxd6 0-1

[Event "Braila Albulet Memorial (Women) 4th"]
[Site "Braila"]
[Date "2011.08.31"]
[Round "3"]
[White "Anusca, Madalina Maria"]
[Black "Uta, Adeline Ramona"]
[Result "1-0"]
[WhiteElo "2076"]
[BlackElo "2099"]
[PlyCount "125"]
[EventDate "2011.08.29"]
[EventType "tourn"]
[EventRounds "9"]
[EventCountry "ROU"]
[SourceTitle "CBM 144 Extra"]
[Source "ChessBase"]
[SourceDate "2011.10.28"]
[SourceVersion "1"]
[SourceVersionDate "2011.10.28"]
[SourceQuality "1"]

1. c4 Nf6 2. Nf3 g6 3. g3 Bg7 4. Bg2 0-0 5. 0-0 d6 6. Nc3 c6 7. d4 Qa5 8. Nd2 e5 9. d5 cxd5 10. Nxd5 Nxd5 11. Bxd5 Nc6 12. Ne4 Bh3 13. Re1 Rad8 14. Bg5 Rd7 15. Qc1 h5 16. Nf6+ Bxf6 17. Bxf6 Kh7 18. Qg5 Nd4 19. Qh4 Bg4 20. f3 Qb6 21. Kh1 Nf5 22. Qg5 Bh3 23. Be4 Qf2 24. Rg1 Qe3 25. Qxe3 Nxe3 26. Bd5 Be6 27. Bg5 Nxd5 28. cxd5 Bxd5 29. Be3 a6 30. Rgc1 Bc6 31. b4 d5 32. Bc5 Re8 33. Kg2 Bb5 34. Kf2 f5 35. a4 Bc4 36. h3 b5 37. axb5 Bxb5 38. Rd1 Red8 39. g4 fxg4 40. hxg4 d4 41. Rh1 Kh6 42. Rh2 Rh8 43. Rg1 Bc4 44. gxh5 gxh5 45. Rhg2 Bf7 46. Rg5 Re8 47. Rf5 Kh7 48. f4 e4 49. Bxd4 Bg6 50. Rf6 Rxd4 51. Rgxg6 Rxb4 52. Rxa6 Rb5 53. Raf6 h4 54. Rh6+ Kg7 55. Rfg6+ Kf7 56. Rg4 e3+ 57. Kf3 Rb1 58. Rgxh4 Rf1+ 59. Kg4 Rg8+ 60. Kf5 Rf2 61. Rf6+ Kg7 62. Rg4+ Kh7 63. Rf7+ 1-0

[Event "Albena op 19th"]
[Site "Albena"]
[Date "2011.07.03"]
[Round "9"]
[White "Uta, Adeline Ramona"]
[Black "Dimov, Dian"]
[Result "0-1"]
[WhiteElo "2099"]
[BlackElo "2292"]
[PlyCount "48"]
[EventDate "2011.06.25"]
[EventType "swiss"]
[EventRounds "9"]
[EventCountry "BUL"]
[SourceTitle "CBM 143 Extra"]
[Source "ChessBase"]
[SourceDate "2011.08.29"]
[SourceVersion "1"]
[SourceVersionDate "2011.08.29"]
[SourceQuality "1"]

1. e4 g6 2. d4 Bg7 3. Nc3 d6 4. f4 a6 5. Nf3 b5 6. a3 Nd7 7. Be2 Bb7 8. 0-0 c5 9. d5 Qc7 10. Kh1 Ngf6 11. e5 dxe5 12. fxe5 Nxe5 13. Bf4 Nfd7 14. Re1 0-0 15. Bf1 Rad8 16. Qe2 f6 17. Bxe5 Nxe5 18. Nxe5 fxe5 19. Rad1 Qb6 20. a4 c4 21. axb5 axb5 22. b3 Rf2 23. Qe4 Rf4 24. Qe3 Rxf1+ 0-1

[Event "Baile Felix Cup 26th"]
[Site "Baile Felix"]
[Date "2011.05.22"]
[Round "5"]
[White "Uta, Adeline Ramona"]
[Black "Bodiroga, Predrag"]
[Result "0-1"]
[WhiteElo "2099"]
[BlackElo "2384"]
[PlyCount "60"]
[EventDate "2011.05.20"]
[EventType "swiss"]
[EventRounds "7"]
[EventCountry "ROU"]
[SourceTitle "CBM 142 Extra"]
[Source "ChessBase"]
[SourceDate "2011.06.27"]
[SourceVersion "1"]
[SourceVersionDate "2011.06.27"]
[SourceQuality "1"]

1. c4 g6 2. g3 Nf6 3. Bg2 Bg7 4. Nc3 0-0 5. e4 d6 6. Nge2 c5 7. 0-0 Nc6 8. d3 Bd7 9. h3 a6 10. a3 Rb8 11. Rb1 e5 12. f4 exf4 13. gxf4 Nh5 14. Be3 f5 15. b4 Nd4 16. Kh2 Be6 17. Nd5 Nxe2 18. Qxe2 Bxd5 19. cxd5 cxb4 20. axb4 fxe4 21. dxe4 Nxf4 22. Rxf4 Be5 23. Qg4 g5 24. Qe6+ Kg7 25. Bd4 gxf4 26. Bxe5+ dxe5 27. Qxe5+ Qf6 28. Qc7+ Kh8 29. Rf1 Rbc8 30. Qd7 Rc2 0-1